Nedaňové náklady a výnosy ve vztahu k podvojnému účetnictví v roce 1995

Stanovenie daňového základu pre výpočet dane z príjmov právnických osôb. Nedaňové náklady. Účtovné výnosy nezahrnuté do daňového základu.

Na minha lista:
Detalhes bibliográficos
Autor principal: Valeš, V.
Formato: Capítulo de Livro
Idioma:tcheco
Assuntos:
Tags: Adicionar Tag
Sem tags, seja o primeiro a adicionar uma tag!

MARC

LEADER 00000naa a2200000 4500
001 r018215
005 20221205103215.8
041 0 |a cze 
044 |a CZ 
245 1 0 |a Nedaňové náklady a výnosy ve vztahu k podvojnému účetnictví v roce 1995  |c V. Valeš 
520 |a Stanovenie daňového základu pre výpočet dane z príjmov právnických osôb. Nedaňové náklady. Účtovné výnosy nezahrnuté do daňového základu. 
610 2 0 |a dane 
610 2 0 |a dane z príjmov 
610 2 0 |a osoby právnické 
610 2 0 |a náklady 
610 2 0 |a výnosy 
100 1 |a Valeš, V.